20th Century Countries that don't exist anymore - Statistics

General Stats
  • This quiz has been taken 918 times
    902 since last reset
  • The average score is 7 of 20
Answer Stats
Answer % Correct
Yugoslavia
92%
Soviet Union
90%
Czechoslovakia
77%
East Germany
60%
Austria-Hungary
56%
Ottoman Empire
52%
South Vietnam
36%
Rhodesia
33%
Tibet
32%
South Yemen
23%
Zanzibar
21%
North Yemen
17%
Newfoundland
15%
Ceylon
13%
Danzig
12%
Tanganyika
11%
Congo Free State
10%
United Arab Republic
10%
Sikkim
7%
Orange Free State
6%
No matching quizzes found
Score Distribution
Percent of People with Each Score
Percentile by Number Answered
Your Score History
You have not taken this quiz since the last reset